[Event "Idaho Open (Reserve)"]
[Site "Pocatello, ID"]
[Date "2012.04.21"]
[Round "2.1"]
[White "Porth, Adam"]
[Black "Patterson, Katie Rae"]
[Result "1-0"]
[WhiteElo "1286"]
[BlackElo "936"]

1. e4 e5 2. c3 Nf6 3. Nf3 Nc6 4. d4 d6 5. d5 Na5 6. Qa4+ Nc6 7. dxc6 b6 8. Bg5
Be7 9. Nbd2 O-O 10. O-O-O d5 11. h4 Bg4 12. Bxf6 Bxf6 13. exd5 Qxd5 14. Qxg4
Qxc6 15. Bd3 Rad8 16. Bc2 Rfe8 17. Ng5 Bxg5 18. hxg5 g6 19. Qh3 h5 20. gxh6
Kh7 21. Nf3 Rxd1+ 22. Rxd1 e4 23. Ng5+ Kg8 24. h7+ Kh8 25. Nxf7+ Kg7 26. h8=Q+
Rxh8 27. Nxh8 Kf6 28. Qh4+ g5 29. Qh6+ Ke5 30. Qxc6 g4 31. Ng6+ Kf5 32. Rd5#
1-0

[Event "Idaho Open (Reserve)"]
[Site "Pocatello, ID"]
[Date "2012.04.21"]
[Round "3.1"]
[White "Patterson, Kevin R"]
[Black "Porth, Adam"]
[Result "1/2-1/2"]
[WhiteElo "1181"]
[BlackElo "1286"]

1. e4 c6 2. Nc3 d5 3. exd5 cxd5 4. d4 e6 5. Nf3 Nf6 6. Bf4 a6 7. a3 b5 8. Bxb8
Rxb8 9. Ne5 Bb7 10. Be2 Qc7 11. O-O Bxa3 12. Nxb5 axb5 13. Bxb5+ Ke7 14. bxa3
Ba8 15. a4 Ne4 16. Qd3 Qc3 17. Ra3 Qxd3 18. Rxd3 Nd6 {#d} 1/2-1/2

[Event "MH Spring Tourny"]
[Site "Mountain Home, ID"]
[Date "2012.04.28"]
[Round "1.8"]
[White "Avila, Tyler"]
[Black "Porth, Adam"]
[Result "0-1"]
[WhiteElo "1000"]
[BlackElo "1265"]

1. d4 d5 2. Nf3 Bg4 3. e3 Nc6 4. Bd3 e5 5. Nbd2 e4 6. Bxe4 dxe4 7. Nxe4 Nf6 8.
Neg5 h6 9. h3 hxg5 10. hxg4 Rxh1+ 11. Ke2 Rxd1 12. Kxd1 Ne4 13. c3 Nxf2+ 14.
Ke2 Ne4 15. Kd3 Qd5 16. c4 Nb4+ 17. Ke2 Qxc4+ 18. Kd1 Qc2+ 19. Ke1 Nd3+ 20.
Kf1 Qf2# 0-1

[Event "MH Spring Tourny"]
[Site "Mountain Home, ID"]
[Date "2012.04.28"]
[Round "2.3"]
[White "Porth, Adam"]
[Black "Edvalson, Paul"]
[Result "0-1"]
[WhiteElo "1265"]
[BlackElo "1598"]

1. e4 c5 2. Nf3 d6 3. c3 g6 4. d4 cxd4 5. cxd4 Bg7 6. Bb5+ Nc6 7. d5 a6 8.
Bxc6+ bxc6 9. Qa4 Nf6 10. Qxc6+ Bd7 11. Qc4 Rc8 12. Qd3 Rxc1+ 13. Qd1 Rxd1+
14. Kxd1 Nxe4 {#R} 0-1

[Event "MH Spring Tourny"]
[Site "Mountain Home, ID"]
[Date "2012.04.28"]
[Round "3.4"]
[White "Winchell, Nathanael"]
[Black "Porth, Adam"]
[Result "1-0"]
[WhiteElo "1000"]
[BlackElo "1265"]

1. c4 d5 2. cxd5 Qxd5 3. Nc3 Qa5 4. Nf3 Nf6 5. Qa4+ Qxa4 6. Nxa4 e6 7. Nc3 Bc5
8. e3 b6 9. d4 Bb4 10. Bd3 Bb7 11. Bd2 Bxf3 12. gxf3 c6 13. O-O-O O-O 14. a3
Be7 15. Kb1 Nbd7 16. Ne4 Rad8 17. Nxf6+ Nxf6 18. Rc1 c5 19. Bc3 Nd5 20. dxc5
Nxc3+ 21. Rxc3 bxc5 22. Rd1 Rb8 23. f4 Bf6 24. Rc2 Rfd8 25. e4 c4 26. Be2
Rxd1+ 27. Bxd1 c3 28. e5 Rxb2+ 29. Rxb2 cxb2 30. exf6 gxf6 31. Kxb2 h6 32. h4
Kf8 33. Kb3 Ke7 34. Kc4 Kd6 35. Bh5 e5 36. fxe5+ Kxe5 37. Bxf7 f5 38. Bh5 f4
39. f3 Kf5 40. Kb5 Ke5 41. Ka6 {#r} 1-0

[Event "MH Spring Tourny"]
[Site "Mountain Home, ID"]
[Date "2012.04.28"]
[Round "4.6"]
[White "Porth, Adam"]
[Black "Moffett, Kalen"]
[Result "1-0"]
[WhiteElo "1265"]
[BlackElo "1000"]

1. e4 e5 2. Nf3 Nc6 3. c3 Nf6 4. d4 d6 5. Bb5 Bd7 6. d5 Nxe4 7. dxc6 bxc6 8.
Qa4 Nc5 9. Qc4 cxb5 10. Qd5 Qe7 11. Qxa8+ Qd8 12. Qxd8+ Kxd8 13. Ng5 Nd3+ 14.
Ke2 Nxc1+ 15. Rxc1 Be6 16. Nxe6+ fxe6 17. Nd2 c5 18. Nf3 e4 19. Ng5 Ke7 20.
Rd1 Kf6 21. Nxe4+ Ke5 22. Ng5 Kf5 23. Nf7 Rg8 24. Nxd6+ Bxd6 25. Rxd6 Re8 26.
Rd7 Kf6 27. Rxa7 h5 28. h4 g5 29. hxg5+ Kxg5 30. Rf7 b4 31. Rh1 Rh8 32. Rh3
Kg6 33. Rff3 bxc3 34. Rhg3+ Kh6 35. Rf6+ Kh7 36. bxc3 e5 37. Rh3 Kg7 38. Rhf3
e4 39. Rf7+ Kg6 40. R3f6+ Kg5 41. f4+ Kg4 42. Rg7+ Kh4 43. Kf2 Re8 44. g3+ Kh3
45. Rh7 e3+ 46. Ke2 Kg2 47. Rxh5 Kxg3 48. Rg6+ Kxf4 49. Rh4+ Kf5 50. Rgg4 Rh8
51. Rf4+ Kg5 52. Rhg4+ Kh5 53. Rh4+ Kg5 54. Rxh8 Kxf4 55. Re8 Kf5 56. Kxe3 Kf6
57. Ke4 Kf7 58. Re5 Kg6 59. Rf5 Kh6 60. Kf4 Kg6 61. Kg4 c4 62. Rf4 Kh6 63. Kf5
Kh5 64. Rf2 Kh4 65. Rg2 Kh3 66. Rg4 Kh2 67. Kf4 Kh3 68. Rg6 Kh4 69. Rh6# 1-0

[Event "W.R. Spring Simul"]
[Site "Hailey, ID"]
[Date "2012.05.02"]
[Round "9"]
[White "Roland, Jeffrey T"]
[Black "Porth, Adam"]
[Result "1/2-1/2"]
[WhiteElo "1706"]
[BlackElo "1286"]

1. d4 c6 2. c4 d6 3. Nf3 Bf5 4. Nc3 Nf6 5. e3 e6 6. Be2 Be7 7. Nh4 Nbd7 8.
Nxf5 exf5 9. O-O Ne4 10. Nxe4 fxe4 11. f3 Nf6 12. fxe4 Nxe4 13. Bd3 Nf6 {#d}
1/2-1/2

[Event "WRW Progressive"]
[Site "Hailey, ID"]
[Date "2012.10.06"]
[Round "1.1"]
[White "Porth, Adam"]
[Black "Mayers, Dan E"]
[Result "0-1"]
[WhiteElo "1304"]
[BlackElo "1841"]

{Game/30;d5} 1. e4 c5 2. c3 d5 3. Qc2 dxe4 4. Qxe4 Nf6 5. Qc2 Nc6 6. Bb5 e5 7.
Nf3 Bd6 8. d3 O-O 9. O-O Bg4 10. Bxc6 bxc6 11. Nbd2 Re8 12. Qa4 Qc7 13. g3 Bf5
14. Ne4 Nxe4 15. dxe4 Bg4 16. Nh4 Be2 17. Re1 Bd3 18. Be3 c4 19. Qd1 Bxe4 20.
Qg4 Bd3 21. Bh6 g6 22. b3 f5 23. Qg5 Be7 24. Qe3 e4 25. Ng2 Rad8 26. Nf4 Qe5
27. Qxa7 g5 28. Ng2 Qf6 29. Bxg5 Qxg5 30. Nf4 Bd6 31. Ng2 f4 32. bxc4 Bxc4 33.
Qd4 Bd5 34. c4 Be5 35. Qc5 Bxa1 36. cxd5 Qe7 37. dxc6 Qxc5 {#R} 0-1

[Event "WRW Progressive"]
[Site "Hailey, ID"]
[Date "2012.10.06"]
[Round "2.5"]
[White "Reidy, Matthew Carl"]
[Black "Porth, Adam"]
[Result "0-1"]
[WhiteElo "562"]
[BlackElo "1304"]

{Game/45;d5} 1. e3 c6 2. Nf3 d5 3. d4 Nf6 4. Nbd2 Bg4 5. b3 Qc7 6. Bd3 Nbd7 7.
Ba3 Bxf3 8. Qxf3 e5 9. e4 Bxa3 10. exd5 Bb2 11. Rd1 Bxd4 12. c4 O-O 13. Ne4
Qa5+ 14. Rd2 Nxe4 15. Qxe4 g6 16. f4 Bc3 17. O-O Bxd2 18. f5 Qc5+ 19. Kh1 Bf4
20. g3 Nf6 21. fxg6 Nxe4 22. gxh7+ Kh8 23. Bxe4 Bxg3 24. hxg3 Qe3 25. Bf5 Qxg3
26. Rg1 Qf3+ 27. Rg2 Qxf5 28. dxc6 Kxh7 29. cxb7 Qf1+ 30. Rg1 Qh3# 0-1

[Event "WRW Progressive"]
[Site "Hailey, ID"]
[Date "2012.10.06"]
[Round "3.4"]
[White "Porth, Adam"]
[Black "Gorman, Cody Austin"]
[Result "0-1"]
[WhiteElo "1304"]
[BlackElo "1383"]

{Game/60;d5} 1. e4 c5 2. c3 d5 3. Qc2 dxe4 4. Qxe4 Nf6 5. Qc2 Nc6 6. Bb5 Bd7
7. Nf3 a6 8. Bc4 b5 9. Be2 g6 10. d4 cxd4 11. cxd4 Rc8 12. Qd3 Nb4 13. Qd1
Nc2+ 14. Kf1 Nxa1 15. Bd3 Be6 16. b3 Qa5 17. Nc3 Qxc3 18. Be3 Nd5 19. Ke2 Nxe3
20. fxe3 Nc2 21. h3 Bg7 22. g4 Nb4 23. Bb1 Nxa2 24. Nd2 Nc1+ 25. Kf2 Nxb3 26.
Ne4 Qc6 27. Rf1 a5 28. Kg3 Bc4 29. Rf2 Rd8 30. Qf3 Bd5 31. Ba2 a4 32. Qf4 Qe6
33. Ng5 Qd6 34. Nxf7 Qxf4+ 35. Rxf4 Bxf7 36. Kh4 h6 37. Kg3 g5 38. Rf1 Bc4 39.
Rf2 Rf8 40. Rc2 Bd5 41. Bxb3 Bxb3 42. Rc5 Bc4 43. d5 Be5+ 44. Kg2 Bxd5+ 45.
Kg1 Bc4 46. Rc6 Rf1+ 47. Kg2 Bd5+ 48. Kxf1 Bxc6 49. Ke2 a3 50. h4 gxh4 51. g5
hxg5 52. e4 Bxe4 53. Ke3 Bd5 54. Kd3 a2 55. Kc2 a1=Q 56. Kd2 Qc3+ 57. Ke2 Bc4+
58. Kf2 Qg3# 0-1

[Event "WRW Progressive"]
[Site "Hailey, ID"]
[Date "2012.10.06"]
[Round "4.5"]
[White "Nathan, Jacob Ari"]
[Black "Porth, Adam"]
[Result "0-1"]
[WhiteElo "663"]
[BlackElo "1304"]

{Game/90;d5} 1. e4 e6 2. Nf3 d5 3. Qe2 Nf6 4. e5 Ne4 5. g3 Bc5 6. d4 Bb6 7.
Bg2 c5 8. Be3 Nc6 9. O-O cxd4 10. Bf4 Bd7 11. Qd3 Rc8 12. c3 dxc3 13. Nxc3 Nb4
14. Qe3 Bxe3 15. Bxe3 Nc2 16. Rac1 Nxe3 17. fxe3 Qb6 18. Nxd5 exd5 19. Rce1
Qxb2 20. Ra1 Bb5 21. Rfb1 Qf2+ 22. Kh1 a6 23. Rd1 Rc2 24. Rg1 Qxe3 25. Rgf1
Nf2+ 26. Kg1 Bxf1 {#R} 0-1

[Event "Southern Idaho Open"]
[Site "Twin Falls, ID"]
[Date "2012.11.03"]
[Round "1.4"]
[White "Carr, John B"]
[Black "Porth, Adam"]
[Result "1-0"]
[WhiteElo "1717"]
[BlackElo "1333"]

1. d4 e6 2. c4 c5 3. d5 exd5 4. cxd5 d6 5. Nf3 Nf6 6. g3 Be7 7. Bg2 Bg4 8. O-O
Nbd7 9. Nc3 O-O 10. Qc2 Bxf3 11. Bxf3 Ne5 12. Bg2 h6 13. b3 Rc8 14. Bb2 c4 15.
Rfc1 cxb3 16. axb3 a6 17. Qd1 Qb6 18. Na4 Qa7 19. Bd4 Rxc1 20. Rxc1 Qb8 21.
Qc2 Ned7 22. Qc7 Re8 23. Kf1 Bd8 24. Qxb8 Nxb8 25. Rc8 Nbd7 26. Bh3 b5 27. Nb2
Nb6 28. Rxd8 Rxd8 29. Bxb6 Rb8 30. Bc7 Rc8 31. Bxc8 {The rest of the game was
not recorded due to time pressure.} {#r} 1-0

[Event "Southern Idaho Open"]
[Site "Twin Falls, ID"]
[Date "2012.11.03"]
[Round "2.8"]
[White "Porth, Adam"]
[Black "Porth, Dylan"]
[Result "1-0"]
[WhiteElo "1333"]
[BlackElo "483"]

1. e4 e5 2. Qh5 Nf6 3. Qxe5+ Qe7 4. Qxc7 Na6 5. Bxa6 Qd8 6. Qxd8+ Kxd8 7. e5
Nd5 8. Nc3 Nb4 9. Bc4 Nxc2+ 10. Kd1 Nxa1 11. Nf3 Bc5 12. Ng5 Ke8 13. Nxf7 Rf8
14. Re1 d6 15. Nxd6+ Bxd6 16. exd6+ Kd7 17. Nd5 Kxd6 18. b3 Bf5 19. Ba3+ Kd7
20. Bxf8 Rxf8 21. Re7+ Kd8 22. Rxg7 Kc8 23. Ne7+ Kb8 24. Rg8 Rxg8 25. Bxg8 Bd3
26. f4 Nc2 27. f5 Kc7 28. f6 Kd7 29. Nd5 Ke8 30. Nf4 Nb4 31. Ne6 Bg6 32. g4 h6
33. h4 h5 34. g5 Nxa2 35. d4 Nc3+ 36. Kd2 Nb5 37. d5 a5 38. Nc5 b6 39. Nb7 Kf8
40. Be6 Bf7 41. Bxf7 Kxf7 42. d6 Ke8 43. g6 Na3 44. f7+ {#r} 1-0

[Event "Southern Idaho Open"]
[Site "Twin Falls, ID"]
[Date "2012.11.03"]
[Round "3.5"]
[White "Barney, Kim"]
[Black "Porth, Adam"]
[Result "1-0"]
[WhiteElo "1623"]
[BlackElo "1333"]

1. e4 c6 2. d4 d5 3. e5 Bf5 4. Bd3 Bxd3 5. Qxd3 e6 6. c3 c5 7. dxc5 Nc6 8. Nf3
Bxc5 9. O-O Nge7 10. b4 Bb6 11. Re1 Rc8 12. Be3 Bxe3 13. Qxe3 a6 14. Nbd2 Nf5
15. Qd3 Qc7 16. Rac1 O-O 17. a3 h6 18. h3 Rcd8 19. Nb3 Qb6 20. Kf1 d4 21. c4
Qa7 22. c5 b6 23. Re4 b5 24. g4 Nfe7 25. Nbxd4 Qb7 26. Qe3 Nd5 27. Qe1 f5 28.
exf6 Rxf6 29. Rxe6 Nxd4 30. Nxd4 Kh7 31. Qe4+ Kg8 32. Rxf6 Nxf6 33. Qxb7 Rxd4
34. Rc3 Ne4 35. Re3 Rd1+ 36. Kg2 {Time Forfeit} {#r} 1-0

[Event "Southern Idaho Open"]
[Site "Twin Falls, ID"]
[Date "2012.11.03"]
[Round "4.6"]
[White "Kardzhyan, Vahan"]
[Black "Porth, Adam"]
[Result "1/2-1/2"]
[WhiteElo "1099"]
[BlackElo "1333"]

1. e4 c6 2. d4 d5 3. exd5 cxd5 4. Nf3 Nf6 5. Nc3 Bg4 6. Bf4 e6 7. Bxb8 Rxb8 8.
Be2 Bb4 9. Qd2 Ne4 10. Bb5+ Ke7 11. Nxd5+ Qxd5 12. Qxb4+ Nd6 13. O-O-O Qxb5
14. Qc3 Rbc8 15. Qe3 Bxf3 16. gxf3 Nc4 17. Qc3 Qg5+ 18. Kb1 Qf5 19. Qb4+ Nd6
20. Rd3 Qd5 21. b3 Rc6 22. c4 Qf5 23. Rhd1 a5 24. Qe1 Ra8 25. Qe5 a4 26. Qxf5
Nxf5 27. d5 Rd6 28. dxe6 Rxd3 29. Rxd3 Kxe6 30. Kb2 a3+ {#d} 1/2-1/2

[Event "WIO (Reserve)"]
[Site "Boise, ID"]
[Date "2012.12.08"]
[Round "1.2"]
[White "Porth, Adam"]
[Black "Blake, Isaac R R"]
[Result "1-0"]
[WhiteElo "1325"]
[BlackElo "763"]

1. e4 c6 2. Nf3 d5 3. exd5 cxd5 4. c4 Nf6 5. Nc3 d4 6. Nb5 e6 7. Nbxd4 Bc5 8.
Nb3 Qc7 9. Nxc5 Qxc5 10. d4 Qe7 11. Bg5 h6 12. Bh4 g5 13. Bg3 Qb4+ 14. Qd2
Qxd2+ 15. Nxd2 Nc6 16. Rc1 h5 17. Bd6 Kd7 18. c5 Nb4 19. a3 Nbd5 20. Be5 b6
21. c6+ Ke8 22. Bc4 Nf4 23. Bxf6 {#r} 1-0

[Event "WIO (Reserve)"]
[Site "Boise, ID"]
[Date "2012.12.08"]
[Round "3.1"]
[White "Hollingsworth, Gary"]
[Black "Porth, Adam"]
[Result "0-1"]
[WhiteElo "1394"]
[BlackElo "1325"]

1. e4 c6 2. d4 d5 3. exd5 cxd5 4. c4 Nf6 5. Nc3 e6 6. Nf3 Nc6 7. Bd3 Bb4 8.
Bd2 Bd6 9. Qc2 Nb4 10. Qb1 Nxd3+ 11. Qxd3 b6 12. c5 bxc5 13. dxc5 Bc7 14. Qb5+
Nd7 15. Qc6 Rb8 16. Nb5 Rb7 17. Bg5 f6 18. Qxe6+ Qe7 19. Nxc7+ Rxc7 20. Qxe7+
Kxe7 21. Be3 Nxc5 22. Rc1 Nd3+ 23. Kd2 Nxc1 24. Rxc1 Rxc1 25. Kxc1 Bb7 26.
Bxa7 Ra8 27. Bc5+ Kd7 28. a3 Rc8 29. b4 Ke6 30. a4 Kf5 31. Kd2 Ke4 32. Nd4
Rxc5 {#R} 0-1

[Event "WIO (Reserve)"]
[Site "Boise, ID"]
[Date "2012.12.09"]
[Round "4.1"]
[White "Porth, Adam"]
[Black "Abernathy, Michaela"]
[Result "0-1"]
[WhiteElo "1325"]
[BlackElo "1325"]

1. d4 d5 2. Nf3 Nc6 3. e3 g6 4. Bd3 Bg7 5. b3 Bg4 6. Bb2 Nf6 7. Nbd2 O-O 8.
O-O Rc8 9. a3 Nd7 10. h3 Bxf3 11. Nxf3 e5 12. Bb5 e4 13. Nd2 Qf6 14. Rc1 a6
15. Be2 Ne7 16. Bg4 Qd6 17. c3 f5 18. Be2 c5 19. b4 c4 20. f3 Qg3 21. Qe1 Qg5
22. Qf2 Bf6 23. a4 Qh6 24. fxe4 fxe4 25. Bg4 Bg5 26. Qe2 Bxe3+ 27. Kh1 Rcd8
28. Be6+ Kh8 29. Rcd1 Bxd2 30. Bxd7 Rxf1+ 31. Rxf1 Rxd7 32. Qg4 Nf5 33. b5 Qg5
34. Qxg5 Bxg5 35. Rb1 a5 36. g4 Nh4 37. Rf1 Kg7 38. b6 Rf7 39. Rb1 Rf3 40. Ba3
Rxc3 41. Bd6 Rc1+ {#R} 0-1

[Event "WIO (Reserve)"]
[Site "Boise, ID"]
[Date "2012.12.09"]
[Round "5.2"]
[White "Porth, Adam"]
[Black "Buus, Jarod"]
[Result "0-1"]
[WhiteElo "1325"]
[BlackElo "1120"]

1. e4 c5 2. d4 cxd4 3. Qxd4 Nc6 4. Qa4 g6 5. Nf3 Bg7 6. c3 a6 7. Qb3 Nf6 8.
Ng5 O-O 9. Be3 d6 10. Bc4 Ne5 11. Nd2 h6 12. Ngf3 Nxf3+ 13. gxf3 b5 14. Bd3
Be6 15. Qc2 Nd7 16. h4 h5 17. Rg1 Nc5 18. Bxc5 dxc5 19. c4 Qd7 20. f4 Rfd8 21.
Be2 Qd4 22. Rb1 Rab8 23. Nf3 Qd6 24. e5 Qc6 25. Ng5 Bf5 26. Qc1 Bxb1 27. Qxb1
bxc4 28. Bxc4 e6 29. Nxf7 Rxb2 30. Qxg6 Rd1+ 31. Kxd1 Qa4+ 32. Bb3 Qd4+ {#R}
0-1

[Event "MVCC Ch (Challenger)"]
[Site "Twin Falls, Idaho"]
[Date "2013.03.23"]
[Round "1.1"]
[White "Porth, Adam"]
[Black "Dugger, Gary"]
[Result "0-1"]
[WhiteElo "1262"]
[BlackElo "1278"]

1. e4 e5 2. Nf3 Nc6 3. c3 Nf6 4. Qc2 d5 5. Bb5 Nxe4 6. Nxe5 Qf6 7. d4 a6 8.
Bxc6+ bxc6 9. O-O Bf5 10. Qe2 Be7 11. Nd2 O-O 12. Nxe4 dxe4 13. Be3 Rfe8 14.
f4 exf3 15. Rxf3 Qe6 16. Qc4 Qxc4 17. Nxc4 Bd6 18. Rxf5 Rab8 19. b4 Bf8 20.
Raf1 f6 21. Bf4 Re7 22. Rc5 Re2 23. Ra5 Rc2 24. Bd2 Bxb4 25. cxb4 Rxc4 26. Rf4
Rc2 27. Be1 Rc1 28. Kf1 Rxb4 29. Rxa6 Rb8 30. Ra4 Re8 31. Kf2 Rcxe1 32. Rc4
R1e2+ 33. Kg3 R8e3+ 34. Rf3 Re6 35. a4 Ra2 36. Rf2 Re3+ 37. Rf3 Ree2 38. Rxc6
Rxg2+ 39. Kf4 Rxa4 40. Rd3 Rxh2 41. Rxc7 Rh4+ 42. Kf5 Raxd4 43. Rc8+ Kf7 44.
Rc7+ Ke8 45. Rxd4 Rxd4 46. Rxg7 h5 47. Kxf6 h4 48. Rh7 Kd8 49. Kg5 Rd5+ 50.
Kxh4 Rf5 51. Rh5 Rf8 52. Kg5 Rg8+ 53. Kf6 Rf8+ 54. Ke6 Re8+ 55. Kd6 Rg8 56.
Ra5 Rg6+ {#R} 0-1

[Event "MVCC Ch (Challenger)"]
[Site "Twin Falls, Idaho"]
[Date "2013.03.23"]
[Round "2.2"]
[White "Murphy, Andre R"]
[Black "Porth, Adam"]
[Result "0-1"]
[WhiteElo "1000"]
[BlackElo "1262"]

1. e4 e6 2. Nf3 d5 3. e5 c5 4. d4 Nc6 5. Be3 Qb6 6. b3 cxd4 7. Bxd4 Nxd4 8.
Nxd4 Bc5 9. c3 f6 10. exf6 Nxf6 11. b4 Bxd4 12. cxd4 O-O 13. a3 Ne4 14. f3 Nd6
15. Be2 Nf5 16. Nc3 Nxd4 17. Qd3 Bd7 18. Bd1 Rac8 19. Bc2 Nxc2+ 20. Qxc2 Qe3+
21. Qe2 Qxc3+ 22. Kf2 Qd4+ 23. Kg3 Qf4+ 24. Kh3 e5+ 25. g4 Qxf3+ 26. Qxf3
Rxf3+ 27. Kh4 Rf4 28. Rhg1 Rcc4 29. Rge1 Rxg4+ 30. Kh3 Rc3+ 31. Re3 Rxe3# 0-1

[Event "MVCC Ch (Challenger)"]
[Site "Twin Falls, Idaho"]
[Date "2013.03.23"]
[Round "4.2"]
[White "Porth, Adam"]
[Black "Porth, Dylan"]
[Result "1/2-1/2"]
[WhiteElo "1262"]
[BlackElo "1017"]

1. e4 e5 2. Nf3 Nc6 3. d4 d6 4. d5 Nce7 5. Bb5+ Bd7 6. Qe2 c6 7. dxc6 bxc6 8.
Bc4 Nf6 9. Ng5 d5 10. exd5 cxd5 11. Bb3 Rc8 12. O-O Nc6 13. Nc3 Be6 14. Bd2
Bg4 15. Qb5 Be7 16. Nxd5 Be6 17. Nxe6 fxe6 18. Nxf6+ Bxf6 19. Rad1 {#d}
1/2-1/2

[Event "Idaho Closed"]
[Site "Twin Falls, ID"]
[Date "2013.02.16"]
[Round "1.2"]
[White "Kircher, Caleb Paul"]
[Black "Porth, Adam"]
[Result "1-0"]
[WhiteElo "1845"]
[BlackElo "1308"]

1. e4 e6 2. d4 d5 3. exd5 exd5 4. c4 c6 5. Nc3 Nf6 6. Bd3 c5 7. cxd5 Nxd5 8.
Nge2 Nxc3 9. bxc3 cxd4 10. cxd4 Qa5+ 11. Kf1 Bf5 12. Rb1 Bxd3 13. Qxd3 Qc7 14.
Qe4+ Qe7 15. Qxe7+ Bxe7 16. Rxb7 Nc6 17. Be3 Rd8 18. Rc7 Nb4 19. Rxa7 Rd7 20.
Ra4 O-O 21. g3 f5 22. Nf4 Re8 23. h4 Nc2 24. Rc4 Na3 25. Rc6 Bf6 26. d5 Be5
27. Bc5 Nc4 28. Bb4 Bxf4 29. gxf4 Rxd5 30. Rxc4 Rd1+ 31. Kg2 Rxh1 32. Kxh1 Re4
33. Rxe4 fxe4 34. Kg1 Kf7 35. Kf1 Ke6 36. Ke2 h6 37. Ke3 Kf5 38. a4 Kg4 39.
Be7 {#r} 1-0

[Event "Idaho Closed"]
[Site "Twin Falls, ID"]
[Date "2013.02.17"]
[Round "3.6"]
[White "Porth, Adam"]
[Black "Douglas, Kurt P"]
[Result "1/2-1/2"]
[WhiteElo "1308"]
[BlackElo "1751"]

1. e4 c5 2. Nf3 d6 3. Bc4 e6 4. d3 Nc6 5. c3 Nf6 6. h3 Be7 7. Be3 a6 8. Nbd2
O-O 9. d4 cxd4 10. cxd4 d5 11. exd5 Nxd5 12. Bxd5 Qxd5 13. O-O b5 14. Qb3 Rd8
15. Qxd5 Rxd5 16. Rac1 Bb7 17. Ne5 Nxe5 18. dxe5 Bb4 19. Nf3 Rd7 20. Nd4 Rad8
21. a3 Ba5 22. Nc6 Bxc6 23. Rxc6 Ra8 {#d} 1/2-1/2

[Event "Idaho Closed"]
[Site "Twin Falls, ID"]
[Date "2013.02.18"]
[Round "6.10"]
[White "Porth, Adam"]
[Black "Pemsler, Alise"]
[Result "1-0"]
[WhiteElo "1306"]
[BlackElo "570"]

1. e4 e5 2. Qh5 Nf6 3. Qxe5+ Be7 4. Bc4 Nc6 5. Qf4 Nb4 6. Bb3 d5 7. a3 Nxc2+
8. Bxc2 O-O 9. Nf3 dxe4 10. Bxe4 Bd6 11. Ne5 Re8 12. d4 Bxe5 13. dxe5 b6 14.
Bxa8 Ba6 15. Be3 Qxa8 16. exf6 Qxg2 17. Qg3 Qxh1+ 18. Kd2 Rd8+ 19. Kc3 Qc1+
20. Bxc1 Rd1 21. Qxg7# 1-0

[Event "ICA Summer Classic (Reserve)"]
[Site "Boise, ID"]
[Date "2013.08.17"]
[Round "2.3"]
[White "Schwab, Kyle J"]
[Black "Porth, Adam"]
[Result "0-1"]
[WhiteElo "944"]
[BlackElo "1287"]
[EventRounds "5"]
[EventCountry "USA"]

1. e4 e6 2. Nf3 d5 3. exd5 exd5 4. h3 c5 5. d4 Nf6 6. Bg5 Be7 7. Nc3 O-O 8.
Qd2 Ne4 9. Bxe7 Qxe7 10. Nxe4 dxe4 11. Qe2 Nc6 12. O-O-O exf3 13. Qxe7 Nxe7
14. gxf3 cxd4 15. Rxd4 Nc6 16. Rd2 Be6 17. a3 Rad8 18. Bd3 Ne5 19. Be4 Rxd2
20. Kxd2 Rd8+ 21. Kc1 b6 22. Rd1 Rxd1+ 23. Kxd1 f5 24. Bb7 f4 25. h4 Bf7 26.
b3 Ng6 27. c4 h5 28. Bd5 Nxh4 29. b4 Nf5 30. Be4 Nd6 31. c5 bxc5 32. bxc5 Nb5
33. c6 h4 34. a4 Nc7 35. Ke1 a5 36. Kf1 Bb3 37. Kg2 Bxa4 38. Kh3 g5 39. Kg4
Bb5 40. Kxg5 h3 41. Kxf4 h2 42. Ke5 h1=Q 43. Kd6 Qh2+ 44. Kc5 Qxf2+ 45. Kd6
Qb6 46. Kd7 a4 {#R} 0-1

[Event "ICA Summer Classic (Reserve)"]
[Site "Boise, ID"]
[Date "2013.08.17"]
[Round "3.1"]
[White "Porth, Adam"]
[Black "Roberts, Zane A"]
[Result "1/2-1/2"]
[WhiteElo "1287"]
[BlackElo "1237"]
[EventRounds "5"]
[EventCountry "USA"]

1. d4 Nf6 2. Nf3 e6 3. e3 c5 4. Bd3 Nc6 5. b3 cxd4 6. exd4 Qa5+ 7. Nbd2 Qc3 8.
Rb1 Nxd4 9. Nxd4 Qxd4 10. O-O Bb4 11. Nf3 Qc5 12. Bb2 Bc3 13. Bxc3 Qxc3 14.
Qe1 Qxe1 15. Rfxe1 b6 16. Nd4 Bb7 17. Nb5 Ke7 18. f3 a6 19. Nd4 Nd5 20. Be4
Rab8 21. Bxd5 Bxd5 22. Nf5+ Kf6 23. Nd6 b5 24. Rbd1 Rb6 25. Ne4+ Bxe4 26. fxe4
Ke7 27. Rd2 Rc8 28. Red1 d6 29. Kf2 Rbc6 30. Rc1 Rc3 31. g3 R8c5 32. h4 a5 33.
Kg2 a4 34. Kf2 axb3 35. axb3 g5 36. hxg5 Rxg5 37. Rd3 Rxd3 38. cxd3 Rc5 39.
Rb1 Rc3 40. Ke3 e5 41. b4 Rc2 42. g4 Ke6 43. Kf3 d5 44. Rh1 dxe4+ 45. dxe4
Rc3+ 46. Kf2 Rc4 47. Rh6+ Ke7 48. Ke3 Rxb4 49. Rxh7 Rb3+ 50. Kf2 Rd3 51. g5
Rd6 52. Kf3 b4 53. Kg4 b3 54. Rh3 Rb6 55. Rh1 b2 56. Rb1 Ke6 57. Kf3 Rb4 58.
Ke3 Rb3+ 59. Kd2 f5 60. gxf6 Kxf6 61. Kc2 Rb4 62. Rxb2 Rxe4 63. Kd3 Rf4 64.
Ke3 Kf5 65. Rb5 Re4+ 66. Kf3 Rd4 67. Rb3 Rh4 68. Kg3 Rd4 69. Kf3 e4+ 70. Ke3
Ra4 71. Rb5+ Kg4 72. Re5 {#d} 1/2-1/2

[Event "ICA Summer Classic (Reserve)"]
[Site "Boise, ID"]
[Date "2013.08.18"]
[Round "5.1"]
[White "Porth, Adam"]
[Black "Blake, Lloyd William"]
[Result "1-0"]
[WhiteElo "1287"]
[BlackElo "997"]
[EventRounds "5"]
[EventCountry "USA"]

1. e4 e5 2. Nf3 d6 3. d4 exd4 4. Nxd4 Nf6 5. Nc3 Be7 6. Bd3 c5 7. Nf3 O-O 8.
O-O Bg4 9. h3 Bh5 10. b3 Nbd7 11. Bb2 Ne5 12. Be2 Nxf3+ 13. Bxf3 Bxf3 14. Qxf3
a6 15. Rad1 Qc7 16. Qg3 g6 17. Qf4 Rad8 18. Qh6 Nh5 19. Nd5 Qd7 20. g4 Rfe8
21. gxh5 Bf8 22. Nf6+ Kh8 23. Qxh7# 1-0

[Event "ICA PM (Reserve)"]
[Site "Boise, ID"]
[Date "2013.09.21"]
[Round "2.2"]
[White "Porth, Adam"]
[Black "Pemsler, Alise Byer"]
[Result "1-0"]
[WhiteElo "1345"]
[BlackElo "557"]
[EventRounds "5"]
[EventCountry "USA"]

1. e4 e5 2. Nf3 Nc6 3. d4 exd4 4. Bc4 Nf6 5. c3 Bc5 6. e5 Ne4 7. O-O O-O 8.
cxd4 d5 9. Bb3 Bxd4 10. Nxd4 Nxd4 11. Qxd4 c6 12. Bc2 c5 13. Qd3 b6 14. f3 Ng5
15. Bxg5 Qxg5 16. Qxh7# 1-0

[Event "ICA PM (Reserve)"]
[Site "Boise, ID"]
[Date "2013.09.21"]
[Round "3.1"]
[White "Lang, Jamie"]
[Black "Porth, Adam"]
[Result "1/2-1/2"]
[WhiteElo "1380"]
[BlackElo "1345"]
[EventRounds "5"]
[EventCountry "USA"]

1. e4 e6 2. d4 d5 3. exd5 exd5 4. Nc3 Bb4 5. a3 Bxc3+ 6. bxc3 Nf6 7. Bd3 Bg4
8. f3 Be6 9. Ne2 c6 10. O-O h6 11. Nf4 O-O 12. Nxe6 fxe6 13. Re1 Qe8 14. Bf5
Ne4 15. Bxe4 dxe4 16. Rxe4 Na6 17. Bf4 Rd8 18. Qe2 Rf6 19. Re1 Kf7 20. Qc4 b5
21. Qb3 Qe7 22. Be5 Rg6 23. Bg3 Rd5 24. c4 bxc4 25. Qxc4 Qb7 26. Qe2 Qc8 {#d}
1/2-1/2